[Event "French Top 12 2013"]
[Site "Haguenau FRA"]
[Date "2013.06.02"]
[Round "4.7"]
[White "Pucher,S"]
[Black "Delorme,Ax"]
[Result "1/2-1/2"]
[WhiteElo "2244"]
[BlackElo "2471"]

1.Nf3 d5 2.c4 d4 3.b4 g6 4.g3 Bg7 5.d3 e5 6.Bg2 Ne7 7.O-O O-O 8.a4 a5 9.b5 c5
10.Ra2 Ra7 11.e3 dxe3 12.fxe3 b6 13.Nc3 Rd7 14.Ne1 f5 15.Qb3 g5 16.e4 f4
17.Bh3 Ng6 18.Nd5 h5 19.Be6+ Rdf7 20.Bxc8 Qxc8 21.gxf4 exf4 22.Nf3 Qd8 23.h4 g4
24.Ng5 f3 25.Qd1 Bd4+ 26.Be3 Bxe3+ 27.Nxe3 Qd4 28.Qd2 Nxh4 29.Ne6 Qe5 30.Nxf8 g3
31.Nf5 f2+ 32.Rxf2 gxf2+ 33.Qxf2 Nxf5 34.Ng6 Qg3+ 35.Qxg3 Nxg3 36.Rg2 h4
37.Nxh4 Rg7 38.Kf2 Nh5 39.Rh2 Nf4 40.Ke3 Ne6 41.Nf5 Rh7 42.Rxh7 Kxh7 43.e5 Kg6
44.Nd6 Ng5 45.Kf4 Nd7 46.Nc8 Ne6+ 47.Ke4 Kf7 48.Kd5 Nf4+ 49.Kd6 Ke8 50.e6 Nf8
51.Nxb6 N8xe6 52.Nd7 Kd8 53.Nxc5 Nxc5 54.Kxc5 Nxd3+ 55.Kb6 Nb2 56.Kxa5 Nxc4+
57.Kb4 Nb6 58.a5 Kc7 59.axb6+  1/2-1/2

[Event "2nd Server24 Open"]
[Site "Ortisei ITA"]
[Date "2013.06.02"]
[Round "2.9"]
[White "Stella,A"]
[Black "Curien,N"]
[Result "1-0"]
[WhiteElo "2463"]
[BlackElo "2204"]

1.Nf3 d5 2.c4 d4 3.b4 Bg4 4.Qa4+ c6 5.d3 Bxf3 6.exf3 g6 7.f4 Nh6 8.Nd2 Bg7
9.g3 O-O 10.Bh3 Nd7 11.O-O e5 12.Nf3 Re8 13.Re1 Nf5 14.fxe5 Nxe5 15.Nxe5 Bxe5
16.b5 Qf6 17.Bd2 c5 18.f4 Bd6 19.Rxe8+ Rxe8 20.b6 Ra8 21.bxa7 Bf8 22.Rb1 Qe7
23.Bg2 b5 24.cxb5 Rxa7 25.Qc2 Ne3 26.Bxe3 Qxe3+ 27.Kf1 Ra3 28.Rb3 c4 29.Rxa3 Bxa3
30.Qxc4 Bc1 31.Qc2 Bd2 32.Qb1 Bc1 33.Qc2 Bd2 34.Qb1 Bc1 35.b6 Qd2 36.Qb3 Ba3  1-0

[Event "Grand Europe Open Albena"]
[Site "Albena BUL"]
[Date "2013.06.03"]
[Round "3.15"]
[White "Arsovic,Z"]
[Black "Petrosian,TL"]
[Result "0-1"]
[WhiteElo "2433"]
[BlackElo "2649"]

1.Nf3 d5 2.c4 c6 3.g3 Nf6 4.Bg2 g6 5.O-O Bg7 6.Qc2 O-O 7.d3 Re8 8.Bf4 Nh5
9.Be5 f6 10.Bxb8 Rxb8 11.cxd5 cxd5 12.Nc3 e6 13.d4 Bd7 14.Rac1 Bf8 15.Rfd1 Bc6
16.a3 Rc8 17.Qb1 Ng7 18.e3 Nf5 19.Nd2 Kg7 20.Qa2 Qb6 21.Rc2 Rcd8 22.Nf3 h5
23.h4 Kf7 24.Rcc1 Bh6 25.Re1 Rc8 26.Rcd1 Nd6 27.Nd2 Nf5 28.Bh3 Rcd8 29.Nf3 a5
30.Bg2 a4 31.Qb1 Nd6 32.Nd2 Qa5 33.Qd3 b5 34.Na2 Bb7 35.Nb4 Bf8 36.Qe2 Rc8
37.g4 hxg4 38.Qxg4 f5 39.Qg3 Nc4 40.h5 Bxb4 41.Qxg6+ Ke7 42.axb4 Qxb4 43.Qg7+ Kd8
44.Qxb7 Re7 45.Qa6 Nxd2 46.h6 Kd7 47.Rxd2 Qxd2 48.Qxb5+ Kd8 49.Rd1 Qc2 50.Ra1 Rec7
51.Rxa4 Qd1+ 52.Kh2 Qh5+ 53.Bh3 Qf3 54.Qf1 Rc2 55.Bg2 Rxf2 56.Qg1 Qh5+ 57.Kg3 Qg4+  0-1

[Event "French Top 12 2013"]
[Site "Haguenau FRA"]
[Date "2013.06.03"]
[Round "5.4"]
[White "Krasenkow,M"]
[Black "Fressinet,L"]
[Result "1/2-1/2"]
[WhiteElo "2642"]
[BlackElo "2693"]

1.Nf3 d5 2.c4 d4 3.e3 Nc6 4.exd4 Nxd4 5.Nxd4 Qxd4 6.Nc3 c6 7.d3 Nh6 8.Be3 Qd8
9.Bxh6 gxh6 10.d4 Bg7 11.d5 O-O 12.Bd3 cxd5 13.cxd5 e6 14.dxe6 Bxe6 15.O-O Qb6
16.Qc2 Kh8 17.Rfe1 Rad8 18.Bxh7 Rd4 19.Bd3 Rfd8 20.Rad1 Qa5 21.g3 b5 22.Rxe6 fxe6
23.Ne2 R4d6 24.Nf4 Qxa2 25.Qe2 Qxb2 26.Qe4 Rxd3 27.Rxd3 Qb1+ 28.Kg2 Rxd3
29.Nxd3 b4 30.Qa8+ Kh7 31.Qe4+  1/2-1/2

[Event "Grand Europe Open Albena"]
[Site "Albena BUL"]
[Date "2013.06.04"]
[Round "4.32"]
[White "Kukov,V"]
[Black "Dambrauskas,V"]
[Result "0-1"]
[WhiteElo "2396"]
[BlackElo "2285"]

1.Nf3 d5 2.c4 c6 3.e3 Nf6 4.Nc3 a6 5.Qc2 Bg4 6.Ne5 Bh5 7.cxd5 cxd5 8.Qa4+ Nbd7
9.Nxd7 Nxd7 10.Nxd5 e6 11.Nf4 Bg6 12.Nxg6 hxg6 13.d4 Qb6 14.Bd3 Bb4+ 15.Ke2 e5
16.dxe5 O-O-O 17.a3 Be7 18.Bc2 Nxe5 19.Bd2 Nc6 20.Bc3 Bf6 21.Qb3 Qc5 22.Bxf6 gxf6
23.Be4 Qa5 24.Rad1 Rxd1 25.Rxd1 Rxh2 26.Qc4 Qb6 27.b4 f5 28.Bxc6 Qxc6 29.Qxf7 Kb8
30.Qf8+ Ka7 31.Qc5+ Qxc5 32.bxc5 Rxg2 33.Rd7 Kb8 34.Rg7 a5 35.a4  0-1

[Event "2nd Server24 Open"]
[Site "Ortisei ITA"]
[Date "2013.06.04"]
[Round "4.8"]
[White "Stella,A"]
[Black "Bertagnolli,A"]
[Result "0-1"]
[WhiteElo "2463"]
[BlackElo "2329"]

1.Nf3 d5 2.c4 d4 3.b4 f6 4.e3 e5 5.c5 a5 6.Bb5+ c6 7.Bc4 axb4 8.Nxe5 fxe5
9.Qh5+ g6 10.Qxe5+ Qe7 11.Qxh8 Nf6 12.Bb2 Be6 13.Bxe6 Qxe6 14.g4 Nbd7 15.g5 Ne4
16.Bxd4 O-O-O 17.f3 Nxg5 18.O-O Bh6  0-1

[Event "Mitropa Cup 2013"]
[Site "Meissen GER"]
[Date "2013.06.05"]
[Round "5.1"]
[White "Krejci,Jan2"]
[Black "Doric,D"]
[Result "1-0"]
[WhiteElo "2503"]
[BlackElo "2509"]

1.Nf3 d5 2.c4 dxc4 3.Qa4+ Nd7 4.g3 a6 5.Qxc4 b5 6.Qc2 Bb7 7.Bg2 e6 8.O-O Ngf6
9.a4 c5 10.Nc3 Qb6 11.d3 Be7 12.axb5 axb5 13.Rxa8+ Bxa8 14.Qb3 b4 15.Nd1 Bd5
16.Qc2 O-O 17.Ne3 Bb7 18.Nc4 Qb5 19.Bf4 Qa6 20.Nfe5 Bxg2 21.Kxg2 Ra8 22.Rc1 h6
23.Kg1 Nf8 24.Be3 Nd5 25.Nd2 Nxe3 26.fxe3 f6 27.Nef3 Nd7 28.e4 Qa4 29.Nb3 Qb5
30.Kg2 Rc8 31.Nbd2 Ra8 32.Nc4 Nb6 33.Nxb6 Qxb6 34.Nd2 Ra2 35.Qb3 Qa6 36.Nc4 Qa4
37.Qxa4 Rxa4 38.Kf3 Kf7 39.g4 Kg6 40.Rg1 Bd8 41.h4 Bc7 42.h5+ Kg5 43.Nd2 Bh2
44.Rc1 Ra2 45.Rxc5+ e5 46.Nf1 Bg1 47.Rc7 Kh4 48.Kg2 Rxb2 49.Ng3 Be3 50.Nf5+ Kxg4
51.Nxe3+ Kxh5 52.Kf2 g6 53.Rc6 Kg5 54.Nd5 h5 55.Rxf6 h4 56.Re6 h3 57.Rxe5+ Kg4
58.Re8 b3 59.Ne3+ Kg5 60.Nc4 Rb1 61.Rh8 Kg4 62.Nd2 Rb2 63.Nf3 Rc2 64.Rh4+  1-0

[Event "National Open 2013"]
[Site "Las Vegas USA"]
[Date "2013.06.08"]
[Round "4"]
[White "Hu,Bryan"]
[Black "Sloan,Sam"]
[Result "1-0"]
[WhiteElo "2182"]
[BlackElo "1901"]

1.Nf3 d5 2.c4 c6 3.d4 Nf6 4.Nc3 dxc4 5.a4 Bg4 6.Ne5 Bf5 7.f3 e6 8.e4 Bg6
9.Bxc4 Bb4 10.O-O Nbd7 11.Nxg6 hxg6 12.Ne2 Qe7 13.Bg5 Rh5 14.h4 e5 15.Qb3 exd4
16.Bxf7+ Qxf7 17.Qxb4 O-O-O 18.Qxd4 Nb6 19.Qf2 Rd3 20.a5 Nbd7 21.Qxa7 Qb3
22.Nf4 Rd6 23.Nxh5 Nxh5 24.a6 Qxb2 25.Rfb1 Qd4+ 26.Qxd4 Rxd4 27.a7  1-0

[Event "National Open 2013"]
[Site "Las Vegas USA"]
[Date "2013.06.08"]
[Round "4"]
[White "Wheeler,Cameron"]
[Black "Moradiabadi,E"]
[Result "0-1"]
[WhiteElo "2215"]
[BlackElo "2557"]

1.Nf3 d5 2.c4 d4 3.e3 Nc6 4.exd4 Nxd4 5.Nxd4 Qxd4 6.Nc3 c6 7.d3 Nh6 8.Be3 Qd8
9.Be2 Nf5 10.d4 g6 11.Qd2 Bg7 12.Rd1 O-O 13.O-O Re8 14.Bf3 Qa5 15.b3 Be6
16.Ne4 Qxd2 17.Rxd2 Rad8 18.Rfd1 Bc8 19.d5 Nxe3 20.fxe3 cxd5 21.cxd5 f5 22.Nc5 Rd6
23.Ne6 Bc3 24.Rc2 Ba5 25.Rdc1 Bxe6 26.dxe6 Bd2 27.Rc8 Bxe3+ 28.Kf1 Rxc8 29.Rxc8+ Kg7
30.Rc7 Kf6 31.Bxb7 Rd2 32.a4 Kxe6 33.Rc3 Rf2+ 34.Ke1 Bd2+ 35.Kxf2 Bxc3 36.Ke3 a5
37.Ba6 Ke5 38.Bc4 Bb4 39.h3 Bc5+ 40.Kf3 Kf6 41.Bg8 e5 42.Bd5 g5 43.Bc6 e4+
44.Ke2 Ke5 45.Bb7 h5 46.Bc6 Kf4 47.Bd7 h4 48.Bc8 g4 49.hxg4 Kxg4 50.Kf1 Kf4
51.Ke2 Ke5 52.Bd7 h3 53.gxh3 f4  0-1

[Event "5th Capo d'Orso Open 2013"]
[Site "Porto Mannu ITA"]
[Date "2013.06.08"]
[Round "9.2"]
[White "Marin,Mi"]
[Black "Tischbierek,R"]
[Result "1-0"]
[WhiteElo "2549"]
[BlackElo "2426"]

1.Nf3 d5 2.c4 c6 3.e3 Nf6 4.Nc3 a6 5.Be2 Bf5 6.Qb3 Ra7 7.d4 h6 8.a4 e6 9.a5 Nbd7
10.Bd2 Bd6 11.Na4 dxc4 12.Qxc4 Qe7 13.Bc3 Ne4 14.Nd2 Nxd2 15.Bxd2 O-O 16.Nc3 c5
17.dxc5 Bxc5 18.Ne4 Rc8 19.Nxc5 Qxc5 20.Rc1 Qxc4 21.Rxc4 Rxc4 22.Bxc4 Ne5
23.Bb3 b6 24.Bc3 Nd3+ 25.Ke2 Nc5 26.axb6 Bd3+ 27.Kd2 Rd7 28.Bc2 Ne4+ 29.Kc1 Nxf2
30.Bxd3 Nxd3+ 31.Kc2 Nc5 32.Ra1 Rb7 33.Bd4 Nd7 34.Rxa6 e5 35.Ra7 Rb8 36.Rxd7 exd4
37.b7 dxe3 38.Kd3 Re8 39.Ke2  1-0

[Event "French Top 12 2013"]
[Site "Haguenau FRA"]
[Date "2013.06.09"]
[Round "11.3"]
[White "Gozzoli,Y"]
[Black "Saada,J"]
[Result "1-0"]
[WhiteElo "2530"]
[BlackElo "2323"]

1.Nf3 d5 2.c4 e6 3.g3 Nf6 4.Bg2 dxc4 5.O-O Nbd7 6.Qc2 a6 7.a4 Be7 8.Na3 O-O
9.Nxc4 Nd5 10.d4 b6 11.Bd2 Bb7 12.Nce5 Nxe5 13.Nxe5 c5 14.dxc5 Bxc5 15.Nd3 Be7
16.Rfd1 Rc8 17.Qb3 Qc7 18.Rac1 Qb8 19.e4 Nf6 20.f3 Nd7 21.Be3 Bc6 22.Nb4 Nc5
23.Nxc6 Nxb3 24.Nxe7+ Kh8 25.Rxc8 Rxc8 26.Nxc8 Qxc8 27.Bxb6 Nd2 28.Kf2 Qc2
29.Ke1 Qxb2 30.a5 Nxe4 31.fxe4 h6 32.Bf3 Qe2+ 33.Bxe2  1-0

[Event "FIDE World Blitz 2013"]
[Site "Khanty-Mansiysk RUS"]
[Date "2013.06.09"]
[Round "9.30"]
[White "Akbaev,K"]
[Black "Potapov,P"]
[Result "1/2-1/2"]
[WhiteElo "2475"]
[BlackElo "2460"]

1.Nf3 d5 2.c4 Nf6 3.b3 e6 4.Bb2 c6 5.d3 Nbd7 6.Nbd2 Be7 7.g3 O-O 8.Bg2 b6
9.O-O Bb7 10.Qc2 Rc8 11.h3 c5 12.e4 dxe4 13.dxe4 Qc7 14.Rfe1 e5 15.Nf1 Rfe8
16.N3d2 Nf8 17.Ne3 Rcd8  1/2-1/2

[Event "FIDE World Blitz 2013"]
[Site "Khanty-Mansiysk RUS"]
[Date "2013.06.09"]
[Round "15.22"]
[White "Ghaem Maghami,E"]
[Black "Skatchkov,P"]
[Result "1-0"]
[WhiteElo "2554"]
[BlackElo "2486"]

1.Nf3 d5 2.c4 c6 3.e3 Nf6 4.Nc3 Bg4 5.cxd5 cxd5 6.Qb3 Qb6 7.Nxd5 Nxd5 8.Qxd5 e6
9.Qb5+ Nc6 10.Ne5 Bf5 11.Qxb6 axb6 12.Bb5 Rc8 13.d4 Be7 14.Bd2 O-O 15.Nd7 Rfd8
16.Nxb6 Rc7 17.Rc1 Bd6 18.O-O Ne7 19.Nc4 Nd5 20.Ba5 b6 21.Nxb6 Ra7 22.Nc4 Bc7
23.Bxc7 Nxc7 24.a4 Nxb5 25.axb5 Rb7 26.Na3 Bd3 27.Rfd1 Bxb5 28.Nxb5 Rxb5
29.Rc2 h5 30.h4 Rdb8 31.Rdd2 Rb3 32.Kf1 g6 33.g3 Kg7 34.Ke2 Kf6 35.Kd1 Kf5
36.Kc1 Ke4 37.Rc3 R3b7 38.Rc5 Kf3 39.Kb1 Rb3 40.d5 exd5 41.Rcxd5 R8b7 42.R5d4 f5
43.Rf4+ Kg2 44.e4 R7b4 45.exf5 Rxf4 46.gxf4 gxf5 47.Rd5 Kxf2 48.Rxf5 Kg3
49.Rxh5 Kxf4 50.Rh8 Ke5 51.Ka2 Rh3 52.b3 Kf6 53.Ka3 Kg7 54.Rh5 Kg6 55.Rg5+ Kf6
56.Rg4 Kf5 57.Rc4 Ke5 58.Ka4 Kd5 59.Rg4 Kc6 60.b4 Rh1 61.Rg6+ Kb7 62.Rh6 Rf1
63.Ka5 Rf7 64.b5 Ka7 65.h5 Kb7 66.Rg6 Rf1 67.Rg7+ Kc8 68.h6  1-0

[Event "National Open 2013"]
[Site "Las Vegas USA"]
[Date "2013.06.09"]
[Round "5"]
[White "Gurevich,D"]
[Black "Homa,S"]
[Result "1-0"]
[WhiteElo "2492"]
[BlackElo "2307"]

1.Nf3 d5 2.c4 d4 3.g3 Nc6 4.Bg2 e5 5.O-O a5 6.d3 Nf6 7.Na3 Be7 8.Nc2 O-O
9.a3 a4 10.Bd2 Nd7 11.Nb4 f6 12.Nxc6 bxc6 13.e3 dxe3 14.Bxe3 Nc5 15.d4 Nb3
16.Rb1 Ba6 17.dxe5 Bxc4 18.Qxd8 Raxd8 19.Rfe1 Bd3 20.Rbd1 Bc2 21.Rxd8 Rxd8
22.Bf1 Be4 23.Bc4+ Bd5 24.Be2 Rb8 25.Rd1 Na5 26.Bd4 Nc4 27.exf6 gxf6 28.Bxc4 Bxc4
29.Nd2 Bd5 30.Nf1 Kf7 31.Ne3 Bf3 32.Re1 Rd8 33.Nf5 Bf8 34.Bc3 Rd3 35.Nd4 Bc5
36.Nxf3 Rxf3 37.Re2 Bxa3 38.Kg2 Rd3 39.Re4 Bd6 40.Rxa4 Rd5 41.Kf3 h5 42.Rc4 Rf5+
43.Ke3 Ke6 44.f4 Rc5 45.Rxc5 Bxc5+ 46.Ke4 f5+ 47.Kf3 Bg1 48.Be5 c5 49.Bc3 c4
50.h3 c5 51.g4 h4 52.g5 Bd4 53.Bxd4 cxd4 54.Ke2 Kd5 55.Kd2 Kd6 56.Kc2 Kd5
57.b3 cxb3+ 58.Kxb3 Ke4 59.g6 d3 60.g7 d2 61.Kc2  1-0

[Event "Alushta Summer-2013-2"]
[Site "Alushta UKR"]
[Date "2013.06.10"]
[Round "9"]
[White "Iljin,T"]
[Black "Frhat,A"]
[Result "1/2-1/2"]
[WhiteElo "2410"]
[BlackElo "2352"]

1.Nf3 d5 2.c4 e6 3.b3 Nf6 4.Bb2 Be7 5.g3 O-O 6.Bg2 c5 7.O-O Nc6 8.e3 d4 9.exd4 cxd4
10.Re1 Ne8 11.d3 f6 12.Na3 e5 13.Nc2 Bg4 14.a3 a5 15.Rb1 Nc7 16.h3 Be6  1/2-1/2

[Event "2nd Grand Europe Open 2013"]
[Site "Golden Sands BUL"]
[Date "2013.06.10"]
[Round "1.45"]
[White "Matorin,E"]
[Black "Gavrilov,Al1"]
[Result "1/2-1/2"]
[WhiteElo "2099"]
[BlackElo "2454"]

1.Nf3 d5 2.c4 d4 3.e3 Nc6 4.exd4 Nxd4 5.Nxd4 Qxd4 6.Nc3 c6 7.d3 Nh6 8.Be3 Qd8
9.d4 Nf5 10.Be2 g6 11.Qd2 Bg7 12.Rd1 O-O 13.O-O Be6 14.d5 cxd5 15.Nxd5 Bxd5
16.cxd5 Nxe3 17.Qxe3 Qa5 18.Qa3 Qb6 19.Rd2 Rfe8 20.Bc4 Rac8 21.Qb3 Qd6 22.Qd3 Rc5
23.a4 Rec8 24.b3 a6 25.Rfd1 h5 26.g3 Bf6 27.h4 Kg7 28.Qf1 Rd8 29.Qe2 Rc7
30.Rd3 Qc5 31.Rf3 Rd6 32.Qe4 Qb4 33.Qe1 Qxe1+ 34.Rxe1 Rc5 35.Rd1 b5 36.axb5 axb5
37.Bf1 Rdxd5 38.Rxd5 Rxd5 39.Rd3 Bd4 40.Rd2 b4 41.Bc4 Rd6 42.Kg2 e6 43.f4 Kf6
44.Kf3 Ke7 45.Ke4 f5+ 46.Kf3 Kf6 47.Rd1 e5 48.fxe5+ Kxe5 49.Re1+ Kf6 50.Rd1 g5
51.hxg5+ Kxg5 52.Rd2 h4 53.gxh4+ Kxh4 54.Rh2+ Kg5 55.Rg2+ Kf6 56.Rd2 Rd8
57.Rd1 Ke5 58.Re1+ Kd6 59.Re6+ Kc5 60.Kf4 Rf8 61.Bd3 Bg1 62.Bxf5 Kd4 63.Rc6 Be3+
64.Kg4 Kd5 65.Rg6 Re8 66.Bd3 Kd4 67.Bc4 Re4+ 68.Kf3 Rf4+ 69.Kg3 Kc3 70.Rd6 Rxc4
71.bxc4 b3 72.Re6 Bd4 73.Re1 Kc2 74.Re2+ Kd3 75.Kf3 Kxc4 76.Ke4 Bg7 77.Rg2 b2
78.Rxb2  1/2-1/2

[Event "FIDE World Blitz 2013"]
[Site "Khanty-Mansiysk RUS"]
[Date "2013.06.10"]
[Round "18.28"]
[White "Sibriaev,A"]
[Black "Nadanian,A"]
[Result "0-1"]
[WhiteElo "2239"]
[BlackElo "2428"]

1.Nf3 d5 2.c4 e6 3.d4 c5 4.Nc3 Nc6 5.e3 Nf6 6.a3 a6 7.dxc5 Bxc5 8.b4 Ba7
9.cxd5 exd5 10.Be2 O-O 11.O-O Bg4 12.Bb2 Re8 13.h3 Bh5 14.Na4 Ne4 15.Rc1 Qd6
16.Nc3 Rad8 17.b5 Bxf3 18.Bxf3 Bb8 19.g3 Nxg3 20.fxg3 Qxg3+ 21.Bg2 Qh2+ 22.Kf2 Bg3+
23.Ke2 Qxg2+ 24.Kd3  0-1

[Event "FIDE World Blitz 2013"]
[Site "Khanty-Mansiysk RUS"]
[Date "2013.06.10"]
[Round "22.30"]
[White "Akbaev,K"]
[Black "Bezgodov,A"]
[Result "0-1"]
[WhiteElo "2475"]
[BlackElo "2482"]

1.Nf3 d5 2.c4 dxc4 3.Na3 a6 4.Nxc4 b5 5.Nce5 f6 6.Nd3 e5 7.e4 Bb7 8.Qe2 c5
9.b3 Nc6 10.Bb2 c4 11.bxc4 bxc4 12.Nc1 Nb4 13.Qd1 Bxe4 14.Bxc4 Nc2+ 15.Kf1 Nxa1
16.Qa4+ Qd7 17.Bf7+ Kd8 18.Qxe4 Rb8 19.Bxa1 Qxf7 20.Bc3 Qb7 21.Qf5 Ne7 22.Qe6 Qc6
23.Qf7 Qd5 24.Qh5 Rb1 25.Ke2 Qe4+ 26.Kd1 Qf5 27.Qf7 Nc6 28.Qc4 Qd7 29.Kc2 Rb8
30.Nb3 Nb4+ 31.Kb1 Qd3+ 32.Qxd3+ Nxd3 33.Ba5+ Kd7 34.Kc2 Nb4+ 35.Kb2 Bd6
36.Rc1 Nd3+ 37.Kc2 Nxc1 38.Nxc1 Rhc8+ 39.Bc3 Bb4 40.Ne2 Bxc3 41.Nxc3 Kd6
42.d3 Rb7 43.Nd2 Rbc7 44.Nc4+ Rxc4 45.dxc4 Rxc4 46.Kd3 Rxc3+ 47.Kxc3 Kc5
48.g4 g6 49.h4 f5 50.f3 fxg4 51.fxg4 e4 52.a3 Kd5 53.Kd2 Kd4 54.Ke2 e3 55.a4 Ke4
56.a5 Kd4 57.h5 gxh5 58.gxh5 Ke4 59.h6 Kd4 60.Ke1 Kc3 61.Ke2 Kb4 62.Kxe3 Kxa5
63.Kd3 Kb4 64.Kc2 Kc4 65.Kb2 Kd4 66.Kb3 Ke5 67.Kb4 Kf6 68.Ka5 Kg6 69.Kxa6 Kxh6
70.Kb5 Kg5 71.Kc4 Kf4 72.Kd3 Kf3 73.Kd2 Kf2 74.Kd3 h5  0-1

[Event "2nd Grand Europe Open 2013"]
[Site "Golden Sands BUL"]
[Date "2013.06.12"]
[Round "3.16"]
[White "Arnaudov,G"]
[Black "Dimitrov,Pa"]
[Result "1/2-1/2"]
[WhiteElo "2490"]
[BlackElo "2310"]

1.Nf3 d5 2.c4 e6 3.g3 Nf6 4.Bg2 Be7 5.O-O O-O 6.b3 c5 7.Bb2 Nc6 8.e3 d4 9.exd4 cxd4
10.Re1 Re8 11.d3 Bf8 12.a3 a5 13.Ne5 Nxe5 14.Rxe5 Nd7 15.Rb5 Nc5 16.b4 axb4
17.axb4 Rxa1 18.Bxa1 Na6 19.Qb3 e5 20.c5 Nc7 21.Ra5 Be6 22.Qa4 Bd5 23.Nd2 Bxg2
24.Kxg2 Qd5+ 25.f3 Re6 26.Bb2 h5 27.Qb3 Qd7 28.Qa4 Qd5 29.Ra7 h4 30.Qb3 hxg3
31.hxg3 Qxb3 32.Nxb3 Nd5 33.Rxb7 Ra6 34.Nc1 Ne3+ 35.Kg1 Nd1 36.b5 Ra8 37.c6 Nxb2
38.c7 Rc8 39.b6 Na4 40.Nb3 Nxb6 41.Rxb6 Rxc7 42.Nd2 f6 43.Nc4 Ra7 44.Kf2 Ra2+
45.Rb2 Rxb2+ 46.Nxb2 Bd6 47.Nc4 Bc7 48.g4 Kf7 49.Ke2 Ke6 50.Kf2 g6 51.Ke2 Bd6
52.Nb6 Bf8 53.Kd1 Bh6 54.Kc2 Be3 55.Kd1 Kd6 56.Nc4+ Kc5 57.Ke2 Bf4 58.Kd1 f5
59.gxf5 gxf5 60.Kc2 Kd5 61.Nb6+ Kc5 62.Nc4 Kd5 63.Kd1 Ke6 64.Ke2 Kf6 65.Kf1 Kg5
66.Ke2 Kh4 67.Nd6 Kg5 68.Nc4 Kf6 69.Kd1 Ke6 70.Ke2 Kd5 71.Kd1 e4 72.fxe4+ fxe4
73.Ke2 Kc5 74.Na5 e3 75.Nc4 Kb5 76.Na3+ Kb4 77.Nc2+ Kc3 78.Ne1 Bg5 79.Nf3 Bf6
80.Ne1 Kb2 81.Ng2 Bg5 82.Ne1 Kc1 83.Nf3 Bf6 84.Nh2 Kc2 85.Nf3 Kb3 86.Nh2 Kc3
87.Nf3 Kb4 88.Ne1 Kc5 89.Ng2 Bg5 90.Ne1 Kd5 91.Ng2 Bd8 92.Nxe3+ dxe3 93.Kxe3 Bb6+
94.d4  1/2-1/2

[Event "2nd Grand Europe Open 2013"]
[Site "Golden Sands BUL"]
[Date "2013.06.12"]
[Round "3.38"]
[White "Iturrizaga,E"]
[Black "Baciu,D"]
[Result "1/2-1/2"]
[WhiteElo "2645"]
[BlackElo "2249"]

1.Nf3 d5 2.c4 c6 3.d4 Nf6 4.e3 Bf5 5.Nc3 e6 6.Bd3 Bxd3 7.Qxd3 Nbd7 8.O-O Bd6
9.e4 dxe4 10.Nxe4 Nxe4 11.Qxe4 O-O 12.Bg5 Be7 13.Bf4 Nf6 14.Qe2 c5 15.Rfd1 cxd4
16.Nxd4 Qb6 17.Rd3 Rfd8 18.Rad1 a6 19.h3 h6 20.b3 Ne8 21.Be5 Bf6 22.c5 Qxc5
23.Bxf6 Nxf6 24.Nxe6 Re8 25.Nxc5 Rxe2 26.Rd8+ Rxd8 27.Rxd8+ Kh7 28.a4 Ne4
29.Nxb7 Nd2 30.f3 Nxb3 31.Rd6 a5 32.Rb6 Re3 33.Rb5 Rc3 34.Nxa5 Nxa5 35.Rxa5 Ra3
36.h4 g6 37.h5 gxh5 38.Kh2 Kg6 39.Kh3 Ra1 40.Ra6+ f6 41.Kh2 Kf5 42.Ra5+ Kg6
43.Ra8 Kf5 44.Kg3 Kg5 45.Ra5+ Kg6 46.Kf4 Ra2 47.Ra8 h4 48.a5 Ra4+ 49.Ke3 Kf5
50.a6 Ra2 51.a7 Ra1 52.Kf2 Kf4 53.Rf8 Rxa7 54.Rxf6+ Kg5 55.Rf8 Ra2+ 56.Ke3 Kg6
57.Rg8+ Kf7 58.Rg4 h5 59.Rxh4 Rxg2 60.Rxh5 Ra2 61.Rf5+ Ke6 62.Kf4 Ra1 63.Rb5 Kf6
64.Rb6+ Kf7 65.Kg4 Ra5 66.f4 Rc5 67.Rh6 Kg7 68.Re6 Kf7 69.Re3 Kf6 70.Rb3 Ra5
71.Rb6+ Kf7 72.f5 Ra1 73.Kg5 Rg1+ 74.Kf4 Rf1+ 75.Kg5 Rg1+  1/2-1/2

[Event "2nd Grand Europe Open 2013"]
[Site "Golden Sands BUL"]
[Date "2013.06.12"]
[Round "3.49"]
[White "Karavade,E"]
[Black "Kiselev,AS"]
[Result "1-0"]
[WhiteElo "2398"]
[BlackElo "2204"]

1.Nf3 d5 2.c4 e6 3.g3 d4 4.Bg2 c5 5.O-O Nc6 6.e3 Bd6 7.exd4 cxd4 8.d3 Nge7
9.Nbd2 O-O 10.Re1 h6 11.a3 a5 12.Ne4 Bc7 13.Rb1 f5 14.Nc5 Qd6 15.Na4 e5 16.Bd2 Ng6
17.b4 axb4 18.axb4 e4 19.dxe4 fxe4 20.Rxe4 Bf5 21.Ne1 Qf6 22.Nc5 Bxe4 23.Nxe4 Qf5
24.b5 Nce7 25.b6 Bd8 26.Qb3 Nc6 27.Nd3 Be7 28.c5+ Kh8 29.f4 Rfe8 30.Rc1 Bf8
31.Ndf2 Be7 32.Bh3 Qf8  1-0

[Event "2nd Grand Europe Open 2013"]
[Site "Golden Sands BUL"]
[Date "2013.06.14"]
[Round "5.45"]
[White "Arsovic,Z"]
[Black "Guempel,V"]
[Result "1-0"]
[WhiteElo "2433"]
[BlackElo "2212"]

1.Nf3 d5 2.c4 c6 3.g3 Bg4 4.Qb3 Bxf3 5.Qxf3 Nf6 6.Qb3 Qb6 7.Bg2 e6 8.O-O Nbd7
9.d4 Be7 10.Rd1 O-O 11.Nc3 Rfd8 12.Bf4 Qa6 13.cxd5 exd5 14.Rac1 Nf8 15.Qc2 Ne6
16.Bf3 Re8 17.a3 Nxf4 18.gxf4 Qb6 19.e3 Qd8 20.Kh1 Qd7 21.Rg1 Bf8 22.Rg5 Rac8
23.b4 a5 24.Rcg1 axb4 25.axb4 Kh8 26.Na4 h6 27.R5g2 Qd6 28.Nc5 b6 29.Nd3 Kg8
30.Ne5 c5 31.bxc5 bxc5 32.dxc5 Rxc5 33.Qf5 Qe6 34.Qd3 Qc8 35.Bg4 Qc7 36.Qf5 Rc1
37.Rxc1 Qxc1+ 38.Rg1 Qd2 39.Bh5 Rxe5 40.fxe5 Nxh5 41.e6 fxe6 42.Qxe6+ Kh8
43.Qf7 Qb4 44.Qxh5 Qe4+ 45.f3 Qxe3 46.Qxd5 Bc5 47.Rb1 Ba7 48.Ra1 Bd4 49.Ra8+ Kh7
50.Qf5+  1-0

[Event "2nd Grand Europe Open 2013"]
[Site "Golden Sands BUL"]
[Date "2013.06.15"]
[Round "6.20"]
[White "Roeder,M"]
[Black "Debashis,D"]
[Result "1/2-1/2"]
[WhiteElo "2409"]
[BlackElo "2482"]

1.Nf3 d5 2.c4 d4 3.g3 c5 4.Bg2 Nc6 5.O-O Nf6 6.d3 e5 7.e3 Be7 8.exd4 exd4
9.Bf4 O-O 10.Ne5 Nxe5 11.Bxe5 Ng4 12.Bf4 Bd6 13.Bxd6 Qxd6 14.h3 Ne5 15.f4 Nc6
16.Nd2 f5 17.Re1 Bd7 18.Nf3 Qg6 19.Kf2 Rae8 20.Qd2 Qh6 21.a3 a5 22.b3 b6
23.Rxe8 Rxe8 24.Re1 Kf8 25.Re2 Rxe2+  1/2-1/2

[Event "1st Golden Apricot 2013"]
[Site "Malatya TUR"]
[Date "2013.06.15"]
[Round "9"]
[White "Genov,Peta"]
[Black "Azaladze,S"]
[Result "1/2-1/2"]
[WhiteElo "2468"]
[BlackElo "2481"]

1.Nf3 d5 2.c4 c6 3.d4 Nf6 4.cxd5 cxd5 5.Nc3 Nc6 6.Bf4 e6 7.e3 Bd6 8.Bxd6 Qxd6
9.Bd3 O-O 10.O-O Bd7 11.Rc1 Rac8  1/2-1/2

[Event "7th Srebrno Jezero Open 2013"]
[Site "Srebrno jezero SRB"]
[Date "2013.06.15"]
[Round "2.7"]
[White "Cabrilo,G"]
[Black "Savicevic,V"]
[Result "0-1"]
[WhiteElo "2404"]
[BlackElo "2327"]

1.Nf3 d5 2.c4 e6 3.g3 dxc4 4.Na3 Bxa3 5.Qa4+ b5 6.Qxa3 Bb7 7.Bg2 Nd7 8.b3 cxb3
9.Qxb3 a6 10.a4 Ngf6 11.Ba3 Bd5 12.Qc2 c5 13.d3 Qa5+ 14.Qd2 Qxd2+ 15.Kxd2 b4
16.Bb2 a5 17.Rhc1 Rc8 18.h3 O-O 19.e4 Bb7 20.Ke3 c4 21.Bxf6 Nxf6 22.Nd4 e5
23.Nf5 c3 24.Ne7+ Kh8 25.Nxc8 Rxc8 26.d4 exd4+ 27.Kxd4 Nd7 28.Bf1 Nc5 29.Bc4 Nxe4
30.Bxf7 Rd8+ 31.Ke3 Nd6 32.Bb3 Nf5+  0-1

[Event "2nd Grand Europe Open 2013"]
[Site "Golden Sands BUL"]
[Date "2013.06.16"]
[Round "7.43"]
[White "Arsovic,Z"]
[Black "Iovcov,V"]
[Result "1-0"]
[WhiteElo "2433"]
[BlackElo "2178"]

1.Nf3 d5 2.c4 c6 3.g3 Nf6 4.Bg2 Nbd7 5.O-O e6 6.Qc2 Be7 7.d4 O-O 8.Rd1 b6
9.Nc3 Ba6 10.Ne5 Nxe5 11.dxe5 Ng4 12.cxd5 cxd5 13.Qa4 Bc4 14.b3 b5 15.Qa6 Bb4
16.Bb2 Nxf2 17.Kxf2 Bc5+ 18.Ke1 Qg5 19.bxc4 bxc4 20.Ba3 Bg1 21.Bxf8 Qe3 22.Nxd5 exd5
23.Qa3 Qf2+ 24.Kd2 Rc8 25.Qf3 c3+ 26.Kc2 Qb6 27.Rdb1 Qa6 28.a4 Bd4 29.Qd3  1-0

[Event "6th Karen Asrian Mem"]
[Site "Jermuk ARM"]
[Date "2013.06.16"]
[Round "1.5"]
[White "Fier,A"]
[Black "Martirosyan,Haik M."]
[Result "1-0"]
[WhiteElo "2609"]
[BlackElo "2139"]

1.Nf3 d5 2.c4 c6 3.d4 Nf6 4.Nc3 dxc4 5.a4 Bf5 6.Ne5 Na6 7.e4 Nxe4 8.Bxc4 Nd6
9.Bxa6 bxa6 10.Nxc6 Qd7 11.d5 e6 12.O-O Ne4 13.Re1 Nxc3 14.bxc3 Bd6 15.Nd4 O-O
16.Nxf5 exf5 17.Ba3 Rac8 18.Qd4 Rfd8 19.c4 Qc7 20.Bxd6 Qxd6 21.Rac1 Qc5 22.Qf4 g6
23.h4 h5 24.Qg5 Kg7 25.Red1 Rd7 26.Qd2 Kg8 27.g3 Rb8 28.Qd4 Rc8 29.Kf1 Qxd4
30.Rxd4 Rc5 31.Ke2 Kg7 32.Kd3 Kf6 33.d6 Ke6 34.Re1+ Kf6 35.Rd5 Rxd5+ 36.cxd5 Rxd6
37.Kd4 Rd8 38.f4 Rd7 39.Kc5 Rc7+ 40.Kd6 Rc3 41.Kd7 Rxg3 42.Rd1 Rf3 43.d6 Rxf4
44.Kc8 Rc4+ 45.Kb8 Rb4+ 46.Ka8  1-0

[Event "2nd Grand Europe Open 2013"]
[Site "Golden Sands BUL"]
[Date "2013.06.17"]
[Round "8.24"]
[White "Karavade,E"]
[Black "Arnaudov,G"]
[Result "0-1"]
[WhiteElo "2398"]
[BlackElo "2490"]

1.Nf3 d5 2.c4 d4 3.g3 g6 4.b3 Bg7 5.Bb2 e5 6.d3 c5 7.Bg2 Nc6 8.O-O Nge7 9.e3 O-O
10.exd4 exd4 11.Re1 h6 12.Na3 Bg4 13.h3 Be6 14.Nc2 Qd7 15.Kh2 Rad8 16.Nd2 b6
17.a3 a5 18.Rb1 Rfe8 19.Bc1 Ne5 20.Bf1 g5 21.b4 Bf5 22.Rxe5 Bxe5 23.bxc5 bxc5
24.Rb5 Bd6 25.Nb3 Rc8 26.Nxa5 Ng6 27.Bg2 Qe6 28.Nb7 Bf8 29.a4 Ne5 30.Rb3 Qg6
31.Ne1 Bd7 32.Rb2 Bc6 33.Bxc6 Qxc6 34.a5 Nd7 35.Bd2 Rb8 36.Qf3 Qg6 37.Rb3 Re6
38.Kg2 Rbe8 39.a6 Rxa6 40.Na5 Rf6 41.Qb7 Qf5  0-1

[Event "2nd Grand Europe Open 2013"]
[Site "Golden Sands BUL"]
[Date "2013.06.17"]
[Round "8.49"]
[White "Kukov,V"]
[Black "Dragomirescu,An"]
[Result "1-0"]
[WhiteElo "2396"]
[BlackElo "2221"]

1.Nf3 d5 2.c4 c6 3.e3 Nf6 4.Nc3 a6 5.Qc2 e6 6.b3 Nbd7 7.Bb2 Be7 8.d4 b5 9.Bd3 Bb7
10.O-O O-O 11.Rad1 h6 12.Ne2 bxc4 13.bxc4 Qb6 14.c5 Qc7 15.Ng3 a5 16.Qe2 Rfb8
17.Bc3 Bd8 18.Rfe1 Qc8 19.Bb1 Bc7 20.Ne5 Nxe5 21.dxe5 Nd7 22.Qc2 g6 23.h4 h5
24.f4 Nxc5 25.Nxh5 gxh5 26.Qh7+ Kf8 27.Bd4 Bb6 28.f5 exf5 29.Bxf5 Qc7 30.e6 Nxe6
31.Bxe6 Bxd4 32.exd4 Ba6 33.Qh8+ Ke7 34.Bc8+  1-0